000 00624nam a22002057a 4500
999 _c17728
_d17728
003 OSt
005 20191119090915.0
008 191023b ||||| |||| 00| 0 eng d
020 _a978013298321
040 _aSEKU
050 _aHM 742
_b.B7
100 _aBreakenridge, Deirdre K.
245 _aSocial media and public relation:
_bEight new practices for the PR professional/
_cDeirdre K. Breakenridge
260 _aNew Jersey :
_bFT Press,
_c2012.
300 _a166 p. :
_bill.
504 _aIncludes bibliographical references and index.
650 _aSocial media
650 _aPublic media
_xTitle
942 _2lcc
_cGEN